Corporate Reputation in the Automotive Industry

Hodnotenie a porovnanie reputácie spoločností v automobilovom priemysle. Faktory, ktoré ovplyvňujú reputáciu spoločnosti. Faktory, ktoré ovplyvňuje reputácia spoločnosti. Slovensko, EÚ, Severná Amerika, Stedný východ a Afrika. Reptrak model.

Saved in:
Bibliographic Details
Main Author: Kozáková, Mária, 1991-
Other Authors: Lukáč, Jakub, 1992-
Format: Book Chapter
Language:English
Subjects:
Tags: Add Tag
No Tags, Be the first to tag this record!

MARC

LEADER 00000naa$a2200000$$$4500
001 0242053
005 20240502073935.4
041 0 |a eng 
044 |a SK 
245 1 0 |a Corporate Reputation in the Automotive Industry  |c Mária Kozáková, Jakub Lukáč 
520 |a Hodnotenie a porovnanie reputácie spoločností v automobilovom priemysle. Faktory, ktoré ovplyvňujú reputáciu spoločnosti. Faktory, ktoré ovplyvňuje reputácia spoločnosti. Slovensko, EÚ, Severná Amerika, Stedný východ a Afrika. Reptrak model. 
610 2 0 |a priemysel automobilový 
610 2 0 |a majetok nehmotný 
610 2 0 |a meno obchodné 
610 2 0 |a meranie konkurencieschopnosti 
610 2 0 |a porovnanie medzipodnikové 
610 2 0 |a Slovensko 
610 2 0 |a Európska únia 
610 2 0 |a Európsky ekonomický priestor 
610 2 0 |a korporácie 
610 2 0 |a reputácia podniku 
100 1 |a Kozáková, Mária, 1991- 
700 1 |a Lukáč, Jakub, 1992-